[Event "Match"]
[Site "www.echecsemail.com"]
[Date "2015.01.08"]
[Round "1"]
[White "Dschelpe"]
[Black "Billyg"]
[WhiteElo "1399"]
[BlackElo "1600"]
[Result "1-0"]
[Round "1"]
1.e4 e5
2.Ng1f3 d6
3.Bf1c4 Ng8e7
4.d4 f5
5.dxe5 Nb8c6
6.exf5 a6
7.e6 Ne7xf5
8.O-O Nc6a5
9.Bc4e2 Bc8xe6
10.Nb1c3 c6
11.Nf3g5 Qd8e7
12.Rf1e1 O-O-O
13.Ng5xe6 Qe7xe6
14.Bc1g5 Rd8d7
15.Be2g4 Qe6g6
16.Bg4xf5 Qg6xf5
17.Re1e8 Kc7
18.Bg5e3 c5
19.Nc3d5 Kc6
20.Re8c8 Kb5
21.Qd1e2 c4
22.a4 
1-0

[Event "Match"]
[Site "www.echecsemail.com"]
[Date "2015.01.08"]
[Round "1"]
[White "Hundegana"]
[Black "Eman85"]
[WhiteElo "1940"]
[BlackElo "1969"]
[Result "0-1"]
[Round "1"]
1.e4 c5
2.Bf1c4 e6
3.a4 d5
4.exd5 exd5
5.Qd1e2 Bf8e7
6.Bc4a2 Nb8c6
7.Ng1f3 Ng8f6
8.d3 O-O
9.O-O Rf8e8
10.Qe2d1 Bc8e6
11.Rf1e1 Nc6b4
12.c3 Nb4xa2
13.Ra1xa2 Be6g4
14.Nb1d2 Qd8c7
15.h3 Bg4h5
16.g4 Bh5g6
17.Nd2b1 c4
18.d4 Bg6xb1
19.Ra2a1 Bb1e4
20.Nf3g5 Be4d3
21.Ng5f3 Be7d6
22.Nf3e5 Bd6xe5
23.dxe5 Re8xe5
24.Re1xe5 Qc7xe5
25.Bc1e3 a5
26.Be3d4 Qe5e2
27.Qd1c1 Nf6e4
28.Qc1e3 Qe2xb2
29.Ra1e1 Qb2d2
30.Qe3xd2 Ne4xd2
31.Re1e7 Nd2f3
32.Kg2 Nf3xd4
33.cxd4 Ra8c8
34.Re7xb7 c3
35.Rb7e7 Bd3e4
36.f3 c2
37.fxe4 c1Q
38.exd5 Qc1d2
39.Kg3 Rc8c3
40.Kh4 Qd2h6
{ resign }
0-1

[Event "Eq:Equipo Juan Diaz-Team USA : "]
[Site "www.chess-mail.com"]
[Date "2015.01.08"]
[Round "1"]
[White "Uji40"]
[Black "Quetzaltcoal"]
[WhiteElo "1740"]
[BlackElo "1900"]
[Result "1/2-1/2"]
[Round "1"]
1.e4 c5
2.Ng1f3 d6
3.d4 cxd4
4.Nf3xd4 Ng8f6
5.Nb1c3 e6
6.Nd4f3 a6
7.e5 dxe5
8.Qd1xd8 Kxd8
9.Nf3xe5 Ke8
10.Bf1e2 Nb8d7
11.Bc1f4 Nd7xe5
12.Bf4xe5 Nf6d7
13.Be5g3 Bf8b4
14.O-O-O b5
15.Kb1 Bc8b7
16.Be2xb5 axb5
17.Nc3xb5 Ra8c8
18.Nb5d6 Bb4xd6
19.Bg3xd6 Bb7d5
20.f3 f6
21.Rh1e1 Kf7
22.Rd1xd5 exd5
23.Re1e7 Kg6
24.Re7xd7 Rh8d8
25.Rd7xd8 Rc8xd8
26.Bd6c5 d4
27.Kc1 d3
28.cxd3 Rd8xd3
29.a4 Kf7
30.a5 Ke6
31.a6 Rd3d8
32.b4 Kd5
33.Kc2 Kc4
34.h4 h5
35.a7 Rd8e8
36.Kd2 f5
37.Bc5e7 Re8a8
38.Be7c5 Ra8e8
{ draw }
1/2-1/2

[Event "Eq:Equipo Juan Diaz-Team USA : "]
[Site "www.chess-mail.com"]
[Date "2015.01.08"]
[Round "1"]
[White "Olddog55"]
[Black "Hijodeputa"]
[WhiteElo "1740"]
[BlackElo "1810"]
[Result "0-1"]
[Round "1"]
1.d4 d5
2.Ng1f3 Ng8f6
3.e3 e6
4.Bf1d3 Bf8d6
5.Nb1d2 Nb8d7
6.b3 b6
7.Bc1b2 Bc8b7
8.Nf3e5 Nf6e4
9.Nd2xe4 dxe4
10.Bd3c4 Qd8g5
11.Ne5g4 h5
12.f4 Qg5xg4
13.Bc4e2 Qg4xg2
14.Rh1f1 Qg2xh2
15.f5 exf5
16.Rf1xf5 Bd6g3
17.Kd2 Bb7a6
18.c4 g6
19.Rf5g5 O-O-O
20.d5 Bg3e5
21.Ra1b1 Be5xb2
22.Rb1xb2 Nd7e5
23.Kc1 f6
24.Rg5g1 Qh2h3
25.Be2f1 Qh3xe3
{ resign }
0-1

[Event "Eq:CONFOEDERATIONIS HELVETICAE-Slap Shot Mates : "]
[Site "www.chess-mail.com"]
[Date "2015.01.08"]
[Round "1"]
[White "Mustaphly"]
[Black "Leo57"]
[WhiteElo "2680"]
[BlackElo "2750"]
[Result "1/2-1/2"]
[Round "1"]
1.d4 Ng8f6
2.Ng1f3 d5
3.c4 e6
4.Nb1c3 Nb8d7
5.Bc1g5 c6
6.e3 Qd8a5
7.cxd5 Nf6xd5
8.Qd1b3 Bf8b4
9.Ra1c1 e5
10.Bf1c4 exd4
11.Bc4xd5 cxd5
12.exd4 Nd7b6
13.O-O O-O
14.Bg5d2 Rf8e8
15.a3 Bb4xc3
16.Bd2xc3 Qa5a4
{ draw }
1/2-1/2

[Event "Eq:BEAC Hungary-CONFOEDERATIONIS HELVETICAE : "]
[Site "www.chess-mail.com"]
[Date "2015.01.08"]
[Round "1"]
[White "Hali"]
[Black "Gallows"]
[WhiteElo "2160"]
[BlackElo "2410"]
[Result "0-1"]
[Round "1"]
1.e4 c6
2.d4 d5
3.exd5 cxd5
4.c4 e6
5.c5 b6
6.b4 a5
7.Bc1a3 axb4
8.Ba3xb4 bxc5
9.dxc5 Bc8a6
10.Ng1f3 Ba6xf1
11.Kxf1 Nb8c6
12.Qd1d2 Ng8f6
13.Nf3d4 Nf6e4
14.Qd2b2 Nc6xb4
15.Qb2xb4 Bf8xc5
16.Qb4b5 Kf8
17.Nd4c6 Qd8h4
18.g3 Qh4f6
{ resign }
0-1

[Event "Tourn. n7867"]
[Site "www.chess-mail.com"]
[Date "2015.01.08"]
[Round "1"]
[White "Bevittsmith"]
[Black "Sontuozio"]
[WhiteElo "2210"]
[BlackElo "2210"]
[Result "1-0"]
[Round "1"]
1.e4 e6
2.d4 d5
3.e5 c5
4.c3 Nb8c6
5.Ng1f3 Bc8d7
6.a3 Qd8b6
7.b4 c4
8.Bf1e2 Bf8e7
9.O-O a6
10.Nf3e1 f6
11.f4 fxe5
12.fxe5 Nc6xe5
13.Kh1 Ne5g6
14.Be2h5 Ng8f6
15.Bh5xg6 hxg6
16.Ne1f3 Be7d6
17.Nf3e5 Bd6xe5
18.dxe5 Nf6e4
19.Qd1f3 O-O-O
20.Bc1e3 Qb6c7
21.Nb1d2 Qc7xe5
22.Be3f4 Qe5xc3
23.Nd2xe4 Qc3xf3
24.Ne4d6 Kb8
25.Rf1xf3 g5
26.Bf4e5 Ka8
27.Nd6f7 Bd7c6
28.Nf7xh8 Rd8xh8
29.Ra1f1 Ka7
30.Be5d4 Kb8
31.Rf3f8 Rh8xf8
32.Rf1xf8 Kc7
33.Rf8f7 Kd6
34.Rf7xg7 e5
35.Rg7g6 Ke7
36.Bd4xe5 { resign }
1-0

[Event "Match"]
[Site "www.echecsemail.com"]
[Date "2015.01.08"]
[Round "1"]
[White "Ssharp"]
[Black "Mitja"]
[WhiteElo "2180"]
[BlackElo "1930"]
[Result "1-0"]
[Round "1"]
1.e4 d5
2.exd5 Qd8xd5
3.Nb1c3 Qd5d8
4.d4 c6
5.Ng1f3 e6
6.Bf1d3 h6
7.O-O Ng8f6
8.Rf1e1 Bf8e7
9.h3 Nf6d5
10.Nc3e4 Nb8d7
11.c4 Nd5b6
12.Bc1f4 Nd7f6
13.Ne4xf6 Be7xf6
14.Bd3f1 O-O
15.Qd1d2 Rf8e8
16.Ra1d1 Bf6e7
17.Re1e4 g5
18.Bf4g3 f5
19.Re4e1 Bc8d7
20.Nf3e5 Be7f6
21.f4 Re8f8
22.Qd2c1 Bf6xe5
23.dxe5 Qd8e7
24.fxg5 hxg5
25.Bg3f2 f4
26.a3 Rf8f7
27.b4 Ra8d8
28.Bf2c5 Qe7e8
29.Bf1e2 Rf7h7
30.Be2g4 Bd7c8
31.Bc5d6 Qe8f7
32.Qc1c2 Nb6d7
33.c5 b6
34.Bg4f3 Bc8b7
35.Rd1d2 Rh7g7
36.Qc2a2 b5
37.Bf3g4 Rg7g6
38.Bg4h5 { resign }
1-0

[Event "Match"]
[Site "www.echecsemail.com"]
[Date "2015.01.08"]
[Round "1"]
[White "Difficult"]
[Black "Pare123"]
[WhiteElo "1880"]
[BlackElo "1960"]
[Result "1-0"]
[Round "1"]
1.d4 d5
2.c4 dxc4
3.e4 b5
4.a4 c6
5.axb5 cxb5
6.b3 cxb3
7.Bf1xb5 Bc8d7
8.Qd1xb3 e6
9.Ng1f3 a5
10.O-O Nb8c6
11.d5 Nc6b4
12.dxe6 Bd7xb5
13.exf7 Ke7
14.fxg8N Rh8xg8
15.Bc1g5 { resign }
1-0

[Event "1/128 Finale"]
[Site "www.chess-mail.com"]
[Date "2015.01.08"]
[Round "1"]
[White "Bluetealeaf"]
[Black "Lautreamont"]
[WhiteElo "1700"]
[BlackElo "2089"]
[Result "0-1"]
[Round "1"]
1.e4 c5
2.c4 Nb8c6
3.Ng1f3 d6
4.Bf1d3 Ng8f6
5.h3 g6
6.Qd1b3 Bf8g7
7.g4 h5
8.g5 Nf6d7
9.Nb1c3 Nc6d4
10.Nf3xd4 cxd4
11.Nc3d5 e6
12.Nd5f6 Nd7xf6
13.gxf6 Qd8xf6
14.Qb3b5 Kf8
15.c5 dxc5
16.Qb5xc5 Kg8
17.Ke2 e5
18.b4 g5
19.Bc1a3 g4
20.Ra1g1 Qf6f3
21.Ke1 Qf3xd3
22.Rg1g3 Qd3xe4
{ resign }
0-1

[Event "Tourn. n7878"]
[Site "www.chess-mail.com"]
[Date "2015.01.08"]
[Round "1"]
[White "Cardiff"]
[Black "Karadajyan"]
[WhiteElo "1990"]
[BlackElo "1920"]
[Result "0-1"]
[Round "1"]
1.e4 c5
2.Nb1c3 Nb8c6
3.g3 g6
4.Bf1g2 Bf8g7
5.d3 Ra8b8
6.f4 b5
7.Ng1f3 b4
8.Nc3d5 d6
9.O-O Ng8f6
10.Nd5xf6 Bg7xf6
11.Qd1e2 O-O
12.Ra1b1 Bc8g4
13.Bc1e3 Qd8a5
14.c3 bxc3
15.bxc3 Bf6xc3
16.h3 Bg4e6
17.Nf3g5 Be6xa2
18.Rb1xb8 Rf8xb8
19.e5 Nc6d4
20.Be3xd4 Bc3xd4
21.Kh1 Rb8b2
22.Qe2e4 d5
23.Qe4f3 Qa5d2
24.e6 f6
25.Ng5f7 Qd2e2
26.Qf3xe2 Rb2xe2
{ resign }
0-1

[Event "Tourn. n7960"]
[Site "www.chess-mail.com"]
[Date "2015.01.08"]
[Round "1"]
[White "Cardiff"]
[Black "Krasin"]
[WhiteElo "2070"]
[BlackElo "2190"]
[Result "0-1"]
[Round "1"]
1.b3 e5
2.Bc1b2 Nb8c6
3.e3 f5
4.Bf1b5 d6
5.Ng1e2 Ng8f6
6.O-O Bf8e7
7.d4 e4
8.d5 a6
9.dxc6 axb5
10.Ne2d4 O-O
11.cxb7 Bc8xb7
12.Nd4xf5 d5
13.Nf5xe7 Qd8xe7
14.Nb1c3 b4
15.Nc3e2 Ra8a6
16.Ne2d4 Nf6d7
17.c3 c5
18.Nd4e2 Nd7e5
19.cxb4 Ne5f3
20.Kh1 Ra6h6
21.h3 Qe7e6
22.Ne2g3 Qe6xh3
23.gxh3 Rh6xh3
{ resign }
0-1

[Event "Tourn. n7924"]
[Site "www.chess-mail.com"]
[Date "2015.01.08"]
[Round "1"]
[White "Oxycontin"]
[Black "Cardiff"]
[WhiteElo "2060"]
[BlackElo "2070"]
[Result "0-1"]
[Round "1"]
1.Ng1f3 c5
2.e3 d5
3.d4 e6
4.c4 Ng8f6
5.Nb1c3 Nb8c6
6.cxd5 exd5
7.a3 Bf8e7
8.Bf1d3 O-O
9.O-O a6
10.dxc5 Be7xc5
11.b4 Bc5e7
12.Bc1b2 Rf8e8
13.Rf1e1 Bc8g4
14.Bd3e2 Ra8c8
15.Nf3d4 Bg4xe2
16.Qd1xe2 Nc6xd4
17.exd4 Be7xb4
18.Qe2d3 Bb4xc3
19.Re1xe8 Qd8xe8
20.Bb2xc3 Nf6e4
21.Ra1e1 Qe8c6
22.Bc3b4 h6
23.f3 Ne4f6
24.Qd3f5 Rc8e8
{ resign }
0-1

[Event "Tourn. n7610"]
[Site "www.chess-mail.com"]
[Date "2015.01.08"]
[Round "1"]
[White "Anja"]
[Black "Naujzaid"]
[WhiteElo "1779"]
[BlackElo "999"]
[Result "0-1"]
[Round "1"]
1.e4 c5
2.Nb1c3 Nb8c6
3.g3 d6
4.Bf1g2 Ng8f6
5.Ng1e2 e6
6.d3 Bf8e7
7.h3 O-O
8.Bc1e3 a6
9.O-O Qd8c7
10.f4 Ra8b8
11.d4 cxd4
12.Ne2xd4 Nc6xd4
13.Be3xd4 b5
14.a3 Bc8b7
15.Qd1e2 Rf8d8
16.Qe2f2 Nf6d7
17.Ra1c1 Be7f6
18.Rf1d1 Bf6xd4
19.Qf2xd4 Nd7b6
20.Nc3e2 Rb8c8
21.c3 Nb6c4
22.Rc1c2 Qc7c5
23.Ne2c1 Nc4e3
24.Rc2d2 Qc5xd4
25.Rd2xd4 Ne3xd1
26.Rd4xd1 d5
27.e5 f6
28.exf6 gxf6
29.Nc1e2 Kf7
30.Ne2d4 e5
31.fxe5 fxe5
32.Nd4f5 Kf6
33.g4 h5
34.Kf2 hxg4
35.hxg4 Kg5
36.Nf5e7 Rc8c4
37.Bg2xd5 Bb7xd5
38.Ne7xd5 Rc4c5
39.Nd5e3 Rd8xd1
40.Ne3xd1 Kxg4
41.Ke3 Kf5
42.Nd1f2 Rc5c8
43.Nf2d3 e4
44.Nd3b4 a5
45.Nb4d5 Rc8h8
46.Nd5e7 Ke6
47.Ne7c6 Kd5
48.Nc6xa5 Rh8h3
{ resign }
0-1

[Event "Tourn. n7840"]
[Site "www.chess-mail.com"]
[Date "2015.01.08"]
[Round "1"]
[White "Comrade"]
[Black "Averoes"]
[WhiteElo "2260"]
[BlackElo "2080"]
[Result "1-0"]
[Round "1"]
1.c4 f5
2.Nb1c3 Ng8f6
3.d4 g6
4.g3 Bf8g7
5.Bf1g2 O-O
6.e3 c5
7.Ng1e2 cxd4
8.exd4 Nb8c6
9.a3 d6
10.O-O e5
11.dxe5 dxe5
12.Bc1e3 Bc8e6
13.b3 Nf6g4
14.Be3c5 Qd8xd1
15.Rf1xd1 Rf8d8
16.Rd1xd8 Ra8xd8
17.h3 Ng4h6
18.Bg2xc6 bxc6
19.Bc5xa7 Bg7f8
20.Ba7e3 Nh6f7
21.f4 Rd8d3
22.Kf2 exf4
23.Be3xf4 g5
24.Bf4e3 h5
25.a4 Bf8g7
26.Ra1c1 h4
27.gxh4 f4
28.Be3xf4 Rd3xh3
29.hxg5 Nf7e5
30.Bf4xe5 Bg7xe5
31.a5 Be6c8
32.b4 Kg7
33.b5 cxb5
34.cxb5 Kg6
35.Nc3e4 Bc8b7
36.Ne2g3 Be5xg3
37.Ne4xg3 Kxg5
38.Rc1c7 Rh3h2
39.Ke3 Bb7a8
40.Kd4 Rh2a2
41.Rc7a7 Ba8f3
42.Kc5 Kf4
43.Ng3f1 Ra2f2
44.Ra7f7 Ke5
45.Nf1d2 Rf2xd2
46.Rf7xf3 Rd2c2
47.Kb6 Kd6
48.a6 Rc2a2
49.a7 { resign }
1-0

[Event "Tourn. n7933"]
[Site "www.chess-mail.com"]
[Date "2015.01.08"]
[Round "1"]
[White "Cardiff"]
[Black "Krasin"]
[WhiteElo "2140"]
[BlackElo "2170"]
[Result "1-0"]
[Round "1"]
1.Ng1f3 f5
2.d4 Ng8f6
3.b3 g6
4.Bc1b2 Bf8g7
5.c4 O-O
6.e3 d6
7.Nb1d2 Nb8c6
8.d5 Nc6b4
9.a3 Nb4a6
10.Bf1e2 Na6c5
11.b4 Nc5e4
12.O-O Qd8e8
13.Nd2xe4 fxe4
14.Nf3d2 Bc8f5
15.Bb2d4 g5
16.Nd2b3 Qe8g6
17.Ra1c1 g4
18.Bd4xf6 Bg7xf6
19.Nb3d4 h5
20.c5 Bf6e5
21.cxd6 Be5xd6
22.Nd4b5 Rf8f7
23.Nb5xc7 Ra8f8
24.Nc7e6 Bf5xe6
25.dxe6 Rf7f3
26.Qd1d5 Rf3h3
27.g3 h4
28.Rc1c4 hxg3
29.fxg3 Rf8f3
30.Rc4c8 Kh7
31.Qd5d4 Rf3xg3
32.hxg3 Rh3xg3
33.Kf2 Qg6xe6
34.Qd4h8 Kg6
35.Rc8g8 { resign }
1-0

[Event "Tourn. n7921"]
[Site "www.chess-mail.com"]
[Date "2015.01.08"]
[Round "1"]
[White "Merimee"]
[Black "A27l"]
[WhiteElo "1590"]
[BlackElo "1420"]
[Result "1-0"]
[Round "1"]
1.e4 e5
2.d4 Nb8c6
3.d5 Nc6e7
4.Ng1f3 d6
5.Bf1b5 Bc8d7
6.c4 Bd7xb5
7.cxb5 g6
8.Nb1c3 b6
9.O-O Bf8g7
10.Bc1e3  { time }
1-0

[Event "Tourn. n7892"]
[Site "www.chess-mail.com"]
[Date "2015.01.08"]
[Round "1"]
[White "Georgepapi"]
[Black "Hugol"]
[WhiteElo "1740"]
[BlackElo "1830"]
[Result "0-1"]
[Round "1"]
1.e4 e5
2.Ng1f3 Nb8c6
3.Bf1c4 Bf8c5
4.Nb1c3 Ng8f6
5.O-O d6
6.d3 Bc8g4
7.h3 Bg4h5
8.Bc1g5 h6
9.Bg5h4 O-O
10.Bh4xf6 Qd8xf6
11.Rf1e1 Bh5xf3
12.gxf3 Nc6d4
13.a3 Nd4xf3
{ resign }
0-1

[Event "Tourn. n7971"]
[Site "www.chess-mail.com"]
[Date "2015.01.08"]
[Round "1"]
[White "Wings"]
[Black "Jose"]
[WhiteElo "2520"]
[BlackElo "2730"]
[Result "0-1"]
[Round "1"]
1.e4 c5
2.c3 d5
3.exd5 Qd8xd5
4.d4 Ng8f6
5.Ng1f3 Nb8c6
6.Bc1e3 Bc8g4
7.Bf1e2 e6
8.dxc5 Qd5xd1
9.Be2xd1 Nf6d5
10.b4 Bf8e7
11.h3 Bg4xf3
12.Bd1xf3 Nc6xb4
13.cxb4 Be7f6
{ resign }
0-1

[Event "Tourn. n7994"]
[Site "www.chess-mail.com"]
[Date "2015.01.08"]
[Round "1"]
[White "Nham"]
[Black "Georgepapi"]
[WhiteElo "1859"]
[BlackElo "1830"]
[Result "1-0"]
[Round "1"]
1.e4 e5
2.Ng1f3 Nb8c6
3.Bf1c4 Bf8c5
4.c3 Ng8f6
5.d4 exd4
6.cxd4 Bc5b4
7.Nb1c3 d6
8.d5 Nc6e5
9.Qd1a4 { resign }
1-0

[Event "Tourn. n7969"]
[Site "www.chess-mail.com"]
[Date "2015.01.08"]
[Round "1"]
[White "Faerieking"]
[Black "Averoes"]
[WhiteElo "2040"]
[BlackElo "2210"]
[Result "0-1"]
[Round "1"]
1.e4 e5
2.Ng1f3 Nb8c6
3.Nb1c3 Ng8f6
4.Nf3xe5 Nc6xe5
5.d4 Ne5g6
6.e5 Nf6g8
7.Bf1c4 Bf8b4
8.Qd1f3 Qd8e7
9.O-O Bb4xc3
10.bxc3 Ng8h6
11.g3 O-O
12.Qf3h5 d5
13.Bc4e2 f6
14.Bc1xh6 gxh6
15.f4 fxe5
16.fxe5 Qe7g5
17.Rf1xf8 Kxf8
18.Ra1f1 Kg7
19.Qh5f3 Bc8e6
{ resign }
0-1

[Event "Match"]
[Site "www.echecsemail.com"]
[Date "2015.01.08"]
[Round "1"]
[White "Llcervello"]
[Black "Generalfree"]
[WhiteElo "1730"]
[BlackElo "1880"]
[Result "1-0"]
[Round "1"]
1.e4 e5
2.d3 g5
3.f3 c5
4.c3 h5
5.g3 d6
6.Qd1a4 Bc8d7
7.Qa4b3 b5
8.Qb3d5 Bd7c6
9.Qd5b3 Nb8d7
10.Nb1a3 a5
11.Na3xb5 a4
12.Bc1xg5 f6
13.Qb3e6 Bf8e7
14.Nb5xd6 { resign }
1-0

[Event "Match"]
[Site "www.echecsemail.com"]
[Date "2015.01.08"]
[Round "1"]
[White "Blackpool"]
[Black "Harrytheking"]
[WhiteElo "1720"]
[BlackElo "1760"]
[Result "0-1"]
[Round "1"]
1.Ng1f3 Nb8c6
2.d4 h6
3.d5 Nc6b4
4.c4 a5
5.a3 Nb4a6
6.Nb1c3 b6
7.e4 d6
8.Bf1e2 Na6c5
9.Bc1e3 e6
10.O-O Ng8e7
11.b4 Nc5b7
12.Qd1d2 Ne7g6
13.Rf1d1 e5
14.h3 Bf8e7
15.Be2f1 axb4
16.axb4 Ra8xa1
17.Rd1xa1 O-O
18.Ra1a8 Qd8d7
19.b5 Nb7c5
20.Be3xc5 dxc5
21.Qd2a2 Bc8b7
22.Ra8xf8 Be7xf8
23.Qa2a7 Bb7c8
24.Qa7a8 Kh7
25.Qa8a7 Bf8d6
26.Qa7a4 Ng6f4
27.Nc3e2 Nf4xh3
28.gxh3 f5
29.exf5 Qd7xf5
30.Bf1g2 Qf5b1
31.Kh2 e4
32.Ne2g3 exf3
33.Bg2xf3 Qb1d3
34.Bf3e4 Qd3xe4
{ resign }
0-1

[Event "Match"]
[Site "www.echecsemail.com"]
[Date "2015.01.08"]
[Round "1"]
[White "Wagner"]
[Black "Blackpool"]
[WhiteElo "1670"]
[BlackElo "1720"]
[Result "1/2-1/2"]
[Round "1"]
1.e4 b6
2.c4 Bc8b7
3.Nb1c3 e6
4.a3 g6
5.d4 Bf8g7
6.g3 Ng8e7
7.d5 O-O
8.Bc1f4 e5
9.Bf4e3 f5
10.Be3g5 h6
11.Bg5c1 d6
12.Bf1d3 Nb8d7
13.b4 a5
14.b5 Nd7c5
15.f3 fxe4
16.fxe4 Nc5xd3
17.Qd1xd3 g5
18.Bc1d2 Ne7g6
19.O-O-O Qd8d7
20.Ng1e2 Qd7e7
21.Qd3e3 Rf8f7
22.Qe3g1 Ra8f8
23.Qg1g2 Rf7f2
24.Qg2g1 Rf2f3
25.Rd1e1 g4
26.h3 gxh3
27.Rh1xh3 Rf3d3
28.Rh3h5 Kh7
29.Qg1h2 Rd3xd2
30.Kxd2 Bb7c8
31.Nc3d1 Bc8g4
32.Nd1e3 Bg4xh5
33.Qh2xh5 Qe7g5
34.Qh5xg5 hxg5
35.Re1h1 Kg8
36.Ne3g4 Rf8f3
37.a4 Rf3a3
38.Rh1h5 { draw }
1/2-1/2

[Event "Match"]
[Site "www.echecsemail.com"]
[Date "2015.01.08"]
[Round "1"]
[White "Umzi"]
[Black "Neo"]
[WhiteElo "2140"]
[BlackElo "1800"]
[Result "1-0"]
[Round "1"]
1.e4 e5
2.Ng1f3 Nb8c6
3.Bf1b5 b6
4.O-O Bc8b7
5.Bb5xc6 Bb7xc6
6.Nf3xe5 Bc6xe4
7.Rf1e1 f5
8.d3 d6
9.Ne5f3 Bf8e7
10.dxe4 fxe4
11.Re1xe4 Qd8d7
12.Nb1c3 O-O-O
13.Qd1d5 Kb8
14.Re4e2 Ng8f6
15.Qd5b3 Rd8e8
16.a4 h6
17.a5 Nf6g4
18.axb6 cxb6
19.Bc1f4 g5
20.Bf4d2 Rh8f8
21.Nc3b5 a5
22.Bd2xa5 bxa5
23.Nb5xd6 Kc7
24.Qb3b7 Kd8
25.Qb7b8 Qd7c8
26.Qb8xc8 
1-0

[Event "Match"]
[Site "www.echecsemail.com"]
[Date "2015.01.08"]
[Round "1"]
[White "Neverless"]
[Black "Apdash"]
[WhiteElo "2660"]
[BlackElo "2160"]
[Result "1-0"]
[Round "1"]
1.e4 c5
2.Ng1f3 Nb8c6
3.d4 Nc6xd4
4.Nf3xd4 cxd4
5.Qd1xd4 d6
6.Bf1c4 Ng8f6
7.O-O g6
8.e5 dxe5
9.Bc4xf7 { resign }
1-0

[Event "Match"]
[Site "www.echecsemail.com"]
[Date "2015.01.08"]
[Round "1"]
[White "Micheles"]
[Black "Darko10"]
[WhiteElo "2590"]
[BlackElo "2350"]
[Result "1/2-1/2"]
[Round "1"]
1.d4 c5
2.Ng1f3 cxd4
3.Nf3xd4 d5
4.g3 e5
5.Nd4b3 Nb8c6
6.Bf1g2 Bc8e6
7.O-O h6
8.Nb1c3 Ng8f6
9.f4 exf4
10.Bc1xf4 Qd8b6
11.Kh1 d4
12.Nc3e4 Nf6d5
13.c4 Nd5xf4
14.Rf1xf4 O-O-O
15.Ra1c1 Kb8
16.c5 Qb6b4
17.Ne4d6 Bf8xd6
18.cxd6 g5
19.Rf4f6 Rd8xd6
20.Nb3c5 h5
21.a3 Qb4a5
22.b4 Qa5xa3
23.Rc1a1 Qa3xb4
24.Nc5a6 bxa6
25.Ra1b1 Qb4b6
26.Rb1xb6 axb6
27.Qd1c1 g4
28.Qc1f4 Kc7
29.Rf6xf7 Be6xf7
30.Qf4xf7 Kc8
31.Qf7f5 Kc7
32.Qf5f7 Kc8
33.Qf7f5 Kc7
34.Qf5f7 Kc8
35.Qf7f5 Kc7
36.Qf5f7 { draw }
1/2-1/2

[Event "Match"]
[Site "www.echecsemail.com"]
[Date "2015.01.08"]
[Round "1"]
[White "Gilliere"]
[Black "Georgepapi"]
[WhiteElo "1730"]
[BlackElo "1670"]
[Result "0-1"]
[Round "1"]
1.d4 Ng8f6
2.c4 e6
3.a3 Bf8e7
4.e3 d5
5.c5 Nb8c6
6.h3 e5
7.b4 exd4
8.exd4 O-O
9.Ng1f3 Rf8e8
10.Bf1e2 Bc8f5
11.O-O Nf6e4
12.Bc1b2 a6
13.Nb1d2 Be7f6
14.Ra1b1 Qd8e7
15.Rf1e1 Qe7d7
16.Be2f1 Ra8d8
17.Nd2xe4 Bf5xe4
18.Rb1c1 Be4xf3
19.Re1xe8 Rd8xe8
20.Qd1xf3 Bf6xd4
21.Bb2xd4 Nc6xd4
22.Qf3d3 Nd4e6
23.g3 c6
24.Qd3f5 d4
25.Bf1c4 g6
26.Bc4xe6 Qd7xe6
27.Qf5d3 Re8d8
28.Kh2 Qe6a2
29.Rc1c2 Qa2b1
30.Qd3d2 d3
31.Rc2c1 Qb1b3
32.Rc1a1 Rd8e8
33.Ra1e1 Re8xe1
34.Qd2xe1 Kf8
35.Qe1c1 Qb3c2
36.Qc1h6 Kg8
37.Qh6e3 Qc2e2
38.Qe3d4 d2
39.Qd4d8 Kg7
40.Qd8d4 f6
41.Qd4d7 Kh6
42.Qd7d6 Qe2xf2
43.Kh1 Qf2e1
44.Kg2 Qe1e2
45.Kg1 d1R
46.Qd6xd1 Qe2xd1
47.Kf2 Qd1d3
{ resign }
0-1

[Event "Match"]
[Site "www.echecsemail.com"]
[Date "2015.01.08"]
[Round "1"]
[White "Iko"]
[Black "Vattila2010"]
[WhiteElo "1450"]
[BlackElo "1890"]
[Result "0-1"]
[Round "1"]
1.e4 e6
2.e5 f5
3.d4 d5
4.h4 c5
5.c3 c4
6.b3 b5
7.bxc4 bxc4
8.g4 g6
9.Qd1f3 Bf8e7
10.Bf1xc4 fxg4
11.Bc4b5 Bc8d7
12.Bb5xd7 Kxd7
13.Qf3xg4 Qd8e8
14.h5 g5
15.Bc1xg5 Be7xg5
16.Qg4xg5 Qe8e7
17.Qg5xe7 Ng8xe7
18.f4 h6
19.Nb1a3 Ne7f5
20.Rh1h3 Rh8g8
21.Ng1f3 Rg8g4
22.Ra1b1 Kc6
23.Rb1b5 Nb8d7
24.Rh3h2 Rg4xf4
25.Rh2f2 a6
26.Rb5b4 Nd7b6
27.Rf2b2 Ra8b8
28.Nf3h2 a5
29.Rb4a4 Nb6xa4
30.Rb2xb8 Rf4h4
31.Nh2f3 Rh4xh5
32.c4 dxc4
33.Na3xc4 Kd5
34.Nc4xa5 Ke4
35.Rb8b3 Rh5h1
36.Ke2 Nf5h4
37.Rb3e3 Kd5
38.Kd3 Nh4xf3
39.Re3xf3 Rh1d1
40.Kc2 Rd1h1
41.Kb3 Na4b6
42.Kc3 Rh1h4
43.Rf3d3 Nb6d7
44.a4 Nd7b8
45.Na5c4 Rh4h1
46.Rd3d2 Rh1c1
47.Kd3 Rc1xc4
48.Rd2a2 Rc4xd4
49.Ke3 Nb8d7
50.a5 Rd4e4
51.Kf3 Nd7xe5
52.Kg3 Ne5c6
53.a6 Nc6a7
54.Ra2a5 Kc6
55.Kf3 Re4h4
56.Ra5e5 Kd6
57.Re5e2 Rh4h3
58.Kg2 Rh3a3
59.Re2d2 Ke7
60.Rd2c2 Ra3xa6
61.Rc2c7 Kf6
62.Kg3 Ra6a4
63.Rc7h7 Kg6
64.Rh7e7 Ra4a6
65.Kf4 Na7b5
66.Ke5 Nb5c3
67.Re7xe6 Ra6xe6
68.Kxe6 Kg5
69.Ke5 Kg4
70.Kd4 Nc3e2
71.Ke3 Ne2f4
72.Kf2 h5
73.Kg1 Kg3
74.Kh1 Nf4d3
75.Kg1 h4
76.Kh1 h3
77.Kg1 Nd3f2
78.Kf1 h2
79.Ke1 h1Q
80.Ke2 Qh1d1
81.Ke3 Qd1d3

0-1

[Event "Tourn. n7875"]
[Site "www.chess-mail.com"]
[Date "2015.01.09"]
[Round "1"]
[White "Mitja"]
[Black "Churrasca"]
[WhiteElo "1980"]
[BlackElo "2100"]
[Result "0-1"]
[Round "1"]
1.d4 Ng8f6
2.e3 e6
3.Ng1f3 c5
4.dxc5 Bf8xc5
5.c3 d5
6.Nb1d2 O-O
7.Nd2b3 Bc5b6
8.Bf1e2 Nb8c6
9.Nf3d4 e5
10.Nd4xc6 bxc6
11.Bc1d2 Nf6e4
12.Bd2c1 Qd8g5
13.g3 Bc8h3
14.Be2f1 Bh3xf1
15.Kxf1 Qg5f5
16.Qd1e2 Qf5h3
17.Kg1 f5
18.Nb3d2 Ne4xf2
19.Kxf2 f4
20.Ke1 fxg3
21.Nd2f3 e4
22.Nf3g1 Qh3h4
23.Qe2g2 gxh2
24.Ke2 hxg1Q
25.Qg2xg1 Qh4f6
26.Bc1d2 Qf6f3
27.Ke1 Bb6c7
28.Bd2c1 Bc7g3
29.Kd2 Qf3f2
30.Qg1xf2 Bg3xf2
31.b4 Rf8f3
32.Ke2 Ra8f8
33.Bc1d2 Bf2g3
{ resign }
0-1

[Event "Tourn. n7851"]
[Site "www.chess-mail.com"]
[Date "2015.01.09"]
[Round "1"]
[White "Falcoale"]
[Black "Julian"]
[WhiteElo "2080"]
[BlackElo "2010"]
[Result "0-1"]
[Round "1"]
1.e4 c5
2.Ng1f3 d6
3.d4 cxd4
4.Nf3xd4 Ng8f6
5.Nb1c3 a6
6.Bf1d3 e5
7.Nd4b3 Bc8e6
8.f4 exf4
9.O-O Nb8d7
10.Bc1xf4 Nd7e5
11.Bf4xe5 dxe5
12.Qd1e2 Ra8c8
13.Ra1d1 Qd8b6
14.Kh1 Nf6g4
15.Nc3d5 Be6xd5
16.exd5 Ng4e3
17.Qe2h5 Ne3xf1
18.Rd1xf1 Rc8c7
19.Qh5xe5 Rc7e7
20.Qe5b8 Qb6d8
21.Qb8xd8 Kxd8
22.c4 Re7e3
23.Bd3f5 b5
24.c5 Kc7
25.d6 Kc6
26.h3 g6
27.d7 Bf8xc5
28.Bf5g4 f5
29.Bg4f3 Kxd7
30.Nb3xc5 Ke7
31.Nc5xa6 Rh8c8
32.Na6b4 Kf7
33.g4 Rc8d8
34.gxf5 gxf5
35.a3 Rd8d2
36.b3 Kg6
37.Nb4d5 Re3xb3
38.Rf1g1 Kf7
39.Bf3g2 Ke6
40.Nd5f4 Ke5
41.Nf4h5 f4
42.Rg1e1 Rb3e3
43.Re1xe3 fxe3
44.Nh5g3 e2
45.Ng3xe2 Rd2xe2
46.Bg2c6 Re2e3
47.Bc6xb5 Re3xh3
48.Kg2 Rh3xa3
49.Bb5e8 Kf4
50.Be8h5 h6
51.Kf2 Ra3a2
52.Ke1 Ke3
53.Kf1 Kf4
54.Ke1 Kg5
55.Bh5f7 Ra2b2
56.Kd1 h5
{ resign }
0-1

[Event "Tourn. n7907"]
[Site "www.chess-mail.com"]
[Date "2015.01.09"]
[Round "1"]
[White "Vasylpuzanov"]
[Black "Cardiff"]
[WhiteElo "1800"]
[BlackElo "2080"]
[Result "1-0"]
[Round "1"]
1.e4 e5
2.Ng1f3 Nb8c6
3.Bf1b5 Ng8f6
4.Bb5xc6 dxc6
5.O-O Bf8d6
6.Nb1c3 O-O
7.d4 Qd8e7
8.dxe5 Bd6xe5
9.Nf3xe5 Qe7xe5
10.Qd1f3 Bc8g4
11.Qf3f4 Qe5xf4
12.Bc1xf4 Ra8c8
13.h3 Bg4e6
14.a3 h6
15.Ra1d1 b6
16.b3 g5
17.Bf4h2 Rf8e8
18.f4 Nf6d7
19.f5 { resign }
1-0

[Event "Tourn. n7969"]
[Site "www.chess-mail.com"]
[Date "2015.01.09"]
[Round "1"]
[White "Vite"]
[Black "Faerieking"]
[WhiteElo "2000"]
[BlackElo "2040"]
[Result "0-1"]
[Round "1"]
1.e4 e5
2.Ng1f3 f5
3.exf5 Bf8c5
4.Bf1c4 d6
5.O-O Nb8c6
6.Rf1e1 Ng8e7
7.Nf3g5 Ne7xf5
8.Ng5f7 Bc5xf2
9.Kxf2 Qd8h4
10.Kg1 Qh4xc4
11.Nf7xh8 Bc8e6
12.d3 Qc4d4
13.Kh1 Qd4h4
14.Nb1d2 Nf5g3
15.Kg1 Qh4d4
{ resign }
0-1

[Event "Tourn. n7829"]
[Site "www.chess-mail.com"]
[Date "2015.01.09"]
[Round "1"]
[White "Caspito"]
[Black "Spartacus42"]
[WhiteElo "1830"]
[BlackElo "1789"]
[Result "1-0"]
[Round "1"]
1.e4 c6
2.d4 d5
3.e5 Bc8f5
4.Bf1d3 Bf5xd3
5.Qd1xd3 e6
6.Ng1f3 Nb8d7
7.O-O Ng8e7
8.Bc1g5 h6
9.Bg5d2 c5
10.b3 Ne7c6
11.c3 cxd4
12.cxd4 Qd8b6
13.Nb1c3 a6
14.Nc3a4 Qb6a7
15.a3 b5
16.Na4b2 Ra8c8
17.b4 Bf8e7
18.Ra1c1 O-O
19.Nb2d1 Nd7b6
20.Nd1e3 Nb6c4
21.Rc1c2 a5
22.Ne3g4 axb4
23.Ng4xh6 gxh6
24.Bd2xh6 bxa3
25.Bh6xf8 Be7xf8
26.Nf3g5 Qa7e7
27.Qd3h7 { resign }
1-0